Le contentieux des services judiciaires et le juge administratif, problèmes de compétence
Salvato in:
| Autore principale: | |
|---|---|
| Natura: | Libro |
| Lingua: | francese |
| Pubblicazione: |
París
Librairie Générale de Droit et de Jurisprudence
1960
|
| Serie: | Bibliothèque de Droit Public, 26
|
| Soggetti: | |
| Tags: |
Aggiungi Tag
Nessun Tag, puoi essere il primo ad aggiungerne!!
|
MARC
| LEADER | 00000nam a2200000 a 4500 | ||
|---|---|---|---|
| 001 | UCS0508 | ||
| 003 | CL-VaPUC | ||
| 008 | 970426e19600000FR |||||||||||||||||fre|d | ||
| 082 | 0 | 4 | |a 342.066 |b GOU |2 21 |
| 100 | 0 | |a Gour, Claude-Gilles |e author |9 384113 | |
| 245 | 1 | 3 | |a Le contentieux des services judiciaires et le juge administratif, problèmes de compétence |
| 300 | |a 452 p | ||
| 942 | |c BK | ||
| 945 | |d 19970426 00:00:00 |a paguirre | ||
| 260 | |a París |b Librairie Générale de Droit et de Jurisprudence |c 1960 | ||
| 650 | 0 | |a Derecho administrativo |9 254851 | |
| 650 | 7 | |a JUICIO SUMARIO |2 CL-VaPUC |9 254868 | |
| 650 | 0 | |a Administración pública |9 255343 | |
| 650 | 0 | |a Estado |9 255503 | |
| 650 | 0 | |a Justicia |9 255408 | |
| 650 | 0 | |a Poder judicial |9 254871 | |
| 650 | 0 | |a Administración de justicia |9 382749 | |
| 583 | |a last modification |c 19970426 00:00:00 |k Rodrigo Vera | ||
| 490 | 0 | |a Bibliothèque de Droit Public, 26 | |
| 999 | |c 258734 |d 258732 | ||
| 952 | |0 0 |1 0 |4 0 |6 342_066000000000000_GOU_1960 |7 0 |8 A |9 283012 |a BIBDER |b BIBDER |d 2019-11-19 |i 1836293 |o 342.066 GOU 1960 |p 1836293 |r 2023-01-25 |w 2019-11-19 |y BK |k DER | ||